| 000 | 00649nam a22002057a 4500 | ||
|---|---|---|---|
| 003 | Nust | ||
| 005 | 20241030163607.0 | ||
| 008 | 170216b xxu||||| |||| 00| 0 eng d | ||
| 040 | _cNust-MCE | ||
| 082 |
_a200 _bCEM |
||
| 100 |
_aTashfeen Yousaf _948540 |
||
| 245 |
_aDevelopment of Safety Index for Construction Industry of Pakistan/ _cTashfeen Yousaf |
||
| 260 |
_aRisalpur Cantt _bMCE _cc2014 |
||
| 300 | _aP 114 | ||
| 650 |
_aThesis _934811 |
||
| 700 | _aConstruction Engineering and Management | ||
| 700 |
_aDr. Muhammad Bilal Khurshid, Lt Col _948333 |
||
| 856 | _u http://10.250.8.41:8080/xmlui/handle/123456789/11790 | ||
| 942 |
_cSC _2ddc |
||
| 999 |
_c230052 _d230052 |
||